Suma teológica
Wedi'i Gadw mewn:
| Prif Awdur: | |
|---|---|
| Fformat: | Llyfr |
| Iaith: | Sbaeneg |
| Cyhoeddwyd: |
Madrid
Católica
1953
|
| Cyfres: | Biblioteca de Autores Cristianos
|
| Pynciau: | |
| Tagiau: |
Ychwanegu Tag
Dim Tagiau, Byddwch y cyntaf i dagio'r cofnod hwn!
|
MARC
| LEADER | 00000nam a2200000 a 4500 | ||
|---|---|---|---|
| 001 | UCL1188 | ||
| 003 | CL-VaPUC | ||
| 008 | 030905e19530000SP |||||||||||||||||spa|d | ||
| 082 | 0 | 4 | |a 189.4 |b TOM |2 21 |
| 100 | |a Tomás de Aquino |d 1220-1274 |c Santo |e author |9 255832 | ||
| 245 | 1 | 0 | |a Suma teológica |
| 300 | |a v | ||
| 942 | |c BK | ||
| 945 | |d 20030905 00:00:00 |a rbrito | ||
| 260 | |a Madrid |b Católica |c 1953 | ||
| 500 | |a t.2: Tratado de la Santísima Trinidad; Tratado de la creación general | ||
| 650 | 0 | |a Tomismo |9 259214 | |
| 583 | |a last modification |c 20030905 00:00:00 |k Rodrigo Vera | ||
| 490 | 0 | |a Biblioteca de Autores Cristianos | |
| 999 | |c 304846 |d 304844 | ||
| 952 | |0 0 |1 0 |4 0 |6 189_400000000000000_TOM_1953 |7 0 |8 A |9 367618 |a BIBTEO |b BIBTEO |d 2019-11-21 |h t.2 |i 2071819 |l 5 |o 189.4 TOM 1953 |p 2071819 |r 2025-01-17 |s 2022-04-22 |w 2019-11-21 |y BK |k ICR | ||